Date de création des clubs de ligue 1. - Statistiques

Statistiques générales
  • Ce quiz a été pris 14 fois
  • Le résultat moyen est 15 sur 18
Statistiques - réponses
Club Années % Correct
St étienne 1933
93%
Olympique de Marseille 1897
86%
Stade rennais 1901
86%
Strasbourg 1906
86%
Lens 1906
86%
Angers SCO 1919
86%
Association sportive de Monaco 1924
86%
Reims 1931
86%
Toulouse 1937
86%
FC Nantes 1943
86%
Lille 1944
86%
Olympique lyonnais 1950
86%
Brest 1950
86%
Paris Saint-Germain 1970
86%
Montpellier 1974
86%
Le havre 1884
79%
OGC Nice 1904
79%
Auxerre 1905
79%
Aucun quiz correspondant
Distribution des résultats
% des personnes avec chaque résultat
Percentile par nombre de réponses
Votre historique - résultats
Vous n’avez pas pris ce quiz